Among the believers : an Islamic journey /

Bibliographic Details
Main Author: Naipaul, V. S. (Vidiadhar Surajprasad), 1932-2018
Format: Book
Language:English
Published: New York : Knopf, 1981.
Edition:1st trade ed.
Subjects:

MARC

Tag First Indicator Second Indicator Subfields
LEADER 00000pam a2200000 a 4500
001 in00000070511
005 20190914063157.0
008 810619s1981 nyu 00010aeng
010 |a  81047503  
020 |a 0394509692 :  |c $15.00 
035 |a (OCoLC)07597538 
035 |9 AAJ8815AM 
039 0 |a 2  |b 3  |c 3  |d 3  |e 3 
040 |a DLC  |c DLC  |d TXA  |d UtOrBLW 
043 |a a------ 
049 |a TXAM  |c [387103] 
050 0 0 |a BP63.A1  |b N35 1981 
082 0 |a 297/.095  |2 19 
100 1 |a Naipaul, V. S.  |q (Vidiadhar Surajprasad),  |d 1932-2018. 
245 1 0 |a Among the believers :  |b an Islamic journey /  |c V.S. Naipaul. 
250 |a 1st trade ed. 
264 1 |a New York :  |b Knopf,  |c 1981. 
300 |a viii, 430 pages ;  |c 22 cm. 
336 |a text  |b txt  |2 rdacontent 
337 |a unmediated  |b n  |2 rdamedia 
338 |a volume  |b nc  |2 rdacarrier 
600 1 0 |a Naipaul, V. S.  |q (Vidiadhar Surajprasad),  |d 1932-2018. 
650 0 |a Islam  |z Asia. 
651 0 |a Islamic countries  |x Description and travel. 
999 |a MARS 
999 f f |s 3963491f-7d0b-3f41-8044-023e323b4e73  |i 47b1590d-bd01-3113-bb43-b7811e5fa720  |t 0 
952 f f |p ric  |a Texas A&M University  |b Rellis Campus  |c Joint Library Facility  |d Remote Storage  |t 0  |e BP63.A1 N35 1981  |h Library of Congress classification  |i unmediated -- volume  |m A14806090319 
998 f f |a BP63.A1 N35 1981  |t 0  |l Remote Storage